[Event "Titled Tuesday intern op 09th Jan Early"]
[Site "Chess.com INT"]
[Date "2024.01.09"]
[Round "6"]
[White "Demin, Vladimir"]
[Black "Hungaski, Robert Andrew"]
[Result "0-1"]
[WhiteElo "2430"]
[BlackElo "2471"]
[PlyCount "70"]
[EventDate "2024.01.09"]
[EventType "swiss (blitz)"]
[EventRounds "11"]
[EventCountry "USA"]
[SourceTitle "CB03_2024"]
[SourceDate "2024.01.17"]
[SourceVersion "1"]
[SourceVersionDate "2024.01.17"]
[SourceQuality "1"]

1. d4 Nf6 2. Nc3 d5 3. Bf4 e6 4. Nb5 Na6 5. e3 Be7 6. g4 0-0 7. g5 Ne4 8. h4 c6 9. Nc3 Bb4 10. Nge2 e5 11. Bxe5 Bg4 12. Qd3 Qa5 13. a3 Bxe2 14. Bxe2 Nxc3 15. Rc1 Nxe2+ 16. axb4 Nxc1 17. bxa5 Nxd3+ 18. cxd3 f6 19. gxf6 gxf6 20. Bd6 Rfe8 21. h5 Kf7 22. Ke2 Re6 23. Bf4 Rg8 24. h6 Ke7 25. Rb1 Kd7 26. b4 Nc7 27. Kf3 Rg6 28. Ra1 Ne8 29. a6 b6 30. Bb8 Rg8 31. Bxa7 Kc7 32. b5 Nd6 33. bxc6 Nb5 34. Kf4 Nxa7 35. Kf5 Rxc6 0-1

[Event "Titled Tuesday intern op 09th Jan Early"]
[Site "Chess.com INT"]
[Date "2024.01.09"]
[Round "3"]
[White "Liascovich, Lucas"]
[Black "Demin, Vladimir"]
[Result "1-0"]
[WhiteElo "2414"]
[BlackElo "2430"]
[PlyCount "91"]
[EventDate "2024.01.09"]
[EventType "swiss (blitz)"]
[EventRounds "11"]
[EventCountry "USA"]
[SourceTitle "CB03_2024"]
[SourceDate "2024.01.17"]
[SourceVersion "1"]
[SourceVersionDate "2024.01.17"]
[SourceQuality "1"]

1. e4 e5 2. Nf3 Nc6 3. d4 exd4 4. Nxd4 Nf6 5. Nc3 Bb4 6. Nxc6 bxc6 7. Bd2 0-0 8. Bd3 d5 9. 0-0 Re8 10. Nxd5 Nxd5 11. exd5 Bxd2 12. Qxd2 cxd5 13. b4 c6 14. Qc3 Qd6 15. Qd4 Bd7 16. a4 a5 17. c3 Qf6 18. Qc5 Qe7 19. Qd4 Qf6 20. Qxf6 gxf6 21. Rfb1 Reb8 22. f4 h6 23. Kf2 d4 24. cxd4 Rxb4 25. Rxb4 axb4 26. a5 Bc8 27. Ke2 b3 28. Kd2 b2 29. Ra4 Ba6 30. Bb1 Bb5 31. Ra3 Ba6 32. Kc3 Re8 33. Kxb2 Re2+ 34. Kc1 Re1+ 35. Kb2 Re2+ 36. Kc3 Rxg2 37. Bd3 Bxd3 38. Kxd3 Rxh2 39. Ke4 Re2+ 40. Kf5 Kg7 41. a6 Re8 42. Rg3+ Kf8 43. Kxf6 Ra8 44. Ra3 Ra7 45. f5 Kg8 46. Ke5 1-0

[Event "Titled Tuesday intern op 14th Nov Early"]
[Site "Chess.com INT"]
[Date "2023.11.14"]
[Round "6"]
[White "Demin, Vladimir"]
[Black "Rustemov, Alexander"]
[Result "0-1"]
[WhiteElo "2430"]
[BlackElo "2525"]
[PlyCount "110"]
[EventDate "2023.11.14"]
[EventType "swiss (blitz)"]
[EventRounds "11"]
[EventCountry "USA"]
[SourceTitle "CB47_2023"]
[SourceDate "2023.11.22"]
[SourceVersion "1"]
[SourceVersionDate "2023.11.22"]
[SourceQuality "1"]

1. d4 g6 2. e4 Bg7 3. Nc3 d6 4. Be3 a6 5. a4 b6 6. h4 h6 7. Qd2 Bb7 8. Bc4 Nd7 9. 0-0-0 b5 10. Bd5 Bxd5 11. Nxd5 e6 12. Nc3 Nb6 13. Qd3 Nxa4 14. Nxa4 bxa4 15. Ne2 Ne7 16. Qc4 Qd7 17. Nc3 a3 18. bxa3 0-0 19. f4 d5 20. Qa4 Qxa4 21. Nxa4 dxe4 22. Nc5 Nd5 23. Rhe1 Nc3 24. Rd2 Rfb8 25. Nb3 f5 26. Kb2 Nd5 27. Ka2 Rb6 28. a4 Rab8 29. g3 Bf8 30. a5 Rb4 31. Kb2 Rc4 32. Rdd1 Bb4 33. Bd2 Bxd2 34. Rxd2 Rc3 35. Rg2 h5 36. Ra1 Rb4 37. Re1 Rbc4 38. Ree2 Ne3 39. Rh2 Nd5 40. Rhg2 Kf7 41. Nc5 Rb4+ 42. Nb3 Ke7 43. Re1 Kd6 44. Ree2 e3 45. Rg1 Rbc4 46. Rgg2 Nb4 47. Nc5 Kd5 48. Nb3 Ke4 49. Nc5+ Kf3 50. Nxe6 Rxc2+ 51. Rxc2 Rxc2+ 52. Rxc2 Nxc2 53. Kxc2 e2 54. Ng5+ Kf2 55. Nh3+ Ke3 0-1

[Event "Titled Tuesday intern op 29th Aug Early"]
[Site "Chess.com INT"]
[Date "2023.08.29"]
[Round "2"]
[White "Demin, Vladimir"]
[Black "Ibarra Jerez, Jose Carlos"]
[Result "1/2-1/2"]
[WhiteElo "2430"]
[BlackElo "2563"]
[PlyCount "78"]
[EventDate "2023.08.29"]
[EventType "swiss (blitz)"]
[EventRounds "11"]
[EventCountry "USA"]
[SourceTitle "EXT 2024"]
[Source "ChessBase"]
[SourceDate "2023.10.10"]
[SourceVersion "1"]
[SourceVersionDate "2023.10.10"]
[SourceQuality "1"]

1. d4 Nf6 2. Nc3 d5 3. Bf4 c5 4. e4 Nxe4 5. Nxe4 dxe4 6. dxc5 Qa5+ 7. c3 Qxc5 8. Qa4+ Nc6 9. Qxe4 g6 10. Nf3 Bg7 11. Qe3 Qa5 12. Bc4 0-0 13. 0-0 Bg4 14. h3 Bxf3 15. Qxf3 e6 16. Rfd1 Ne5 17. Bxe5 Bxe5 18. a4 Rac8 19. Bf1 Qb6 20. Rd2 Rc7 21. a5 Qc5 22. a6 b6 23. Rad1 Qe7 24. Qe4 Bf6 25. Qa4 Rfc8 26. Rd7 Qc5 27. Qe4 Kg7 28. Qxe6 Rf8 29. Rxc7 Qxc7 30. Rd7 Qb8 31. Qc6 Qe8 32. Qd5 Qe1 33. Rxa7 Be7 34. b4 Rd8 35. Qc4 Rd2 36. Qf4 Rd1 37. Qc4 Rd2 38. Qf4 Rd1 39. Qc4 Rd2 1/2-1/2

[Event "Titled Tuesday intern op 29th Aug Early"]
[Site "Chess.com INT"]
[Date "2023.08.29"]
[Round "7"]
[White "Lach, Aleksandra"]
[Black "Demin, Vladimir"]
[Result "1-0"]
[WhiteElo "2184"]
[BlackElo "2430"]
[PlyCount "107"]
[EventDate "2023.08.29"]
[EventType "swiss (blitz)"]
[EventRounds "11"]
[EventCountry "USA"]
[SourceTitle "EXT 2024"]
[Source "ChessBase"]
[SourceDate "2023.10.10"]
[SourceVersion "1"]
[SourceVersionDate "2023.10.10"]
[SourceQuality "1"]

1. c4 Nf6 2. g3 e6 3. Bg2 d5 4. Qc2 Be7 5. Nf3 0-0 6. 0-0 d4 7. d3 c5 8. a3 Nc6 9. e4 e5 10. h3 Be6 11. Ng5 Nd7 12. Nxe6 fxe6 13. f4 exf4 14. gxf4 e5 15. f5 Bg5 16. Bxg5 Qxg5 17. Nd2 Kh8 18. Kh2 g6 19. fxg6 Qxg6 20. Nf3 Rg8 21. Rg1 Qg3+ 22. Kh1 Raf8 23. Raf1 Nf6 24. Nh2 Nh5 25. Rxf8 Rxf8 26. Bf1 Qf2 27. Qxf2 Rxf2 28. Rg2 Rf8 29. Kg1 Nf4 30. Rg3 h5 31. Nf3 Kh7 32. h4 Kh6 33. Ng5 Ng6 34. Nf3 Nd8 35. Bh3 Rf4 36. Bf5 Ne7 37. Nxe5 Nxf5 38. exf5 Rxf5 39. Nd7 Ne6 40. Rg8 Rf4 41. Re8 Rg4+ 42. Kf2 Nf4 43. Nxc5 Rxh4 44. Rd8 Ng6 45. Ne4 Ne5 46. Rd6+ Kg7 47. Ng3 Nxd3+ 48. Ke2 Nf4+ 49. Kf3 Rg4 50. Nf5+ Kf7 51. Rxd4 Kf6 52. Nd6 Ne6 53. Ne4+ Ke5 54. Rd5# 1-0

[Event "Titled Tuesday intern op 29th Aug Early"]
[Site "Chess.com INT"]
[Date "2023.08.29"]
[Round "4"]
[White "Rahal, Michael"]
[Black "Demin, Vladimir"]
[Result "1/2-1/2"]
[WhiteElo "2312"]
[BlackElo "2430"]
[PlyCount "72"]
[EventDate "2023.08.29"]
[EventType "swiss (blitz)"]
[EventRounds "11"]
[EventCountry "USA"]
[SourceTitle "EXT 2024"]
[Source "ChessBase"]
[SourceDate "2023.10.10"]
[SourceVersion "1"]
[SourceVersionDate "2023.10.10"]
[SourceQuality "1"]

1. e4 e5 2. Nf3 Nc6 3. Bb5 a6 4. Ba4 Bc5 5. 0-0 Nge7 6. c3 Ba7 7. d4 Ng6 8. dxe5 Ncxe5 9. Nxe5 Nxe5 10. Kh1 0-0 11. f4 Nc6 12. Nd2 b5 13. Bc2 d6 14. f5 f6 15. Nf3 Ne5 16. Bb3+ Kh8 17. Nh4 Qe8 18. Bf4 Bb7 19. Bxe5 fxe5 20. Ng6+ hxg6 21. Rf3 d5 22. Rh3+ Kg8 23. exd5 Kf7 24. d6+ Kf6 25. fxg6 Qxg6 26. Qf1+ Qf5 27. Qxf5+ Kxf5 28. Rf1+ Ke4 29. Re1+ Kf4 30. Rf1+ Kg5 31. Rg3+ Kh6 32. Rh3+ Kg6 33. Rg3+ Kh7 34. Rh3+ Kg6 35. Rg3+ Kh6 36. Rh3+ Kg6 1/2-1/2

[Event "Titled Tuesday intern op 01st Aug Early"]
[Site "Chess.com INT"]
[Date "2023.08.01"]
[Round "2"]
[White "Demin, Vladimir"]
[Black "Harvey, Marcus Ross"]
[Result "1-0"]
[WhiteElo "2430"]
[BlackElo "2480"]
[PlyCount "71"]
[EventDate "2023.08.01"]
[EventType "swiss (blitz)"]
[EventRounds "11"]
[EventCountry "USA"]
[SourceTitle "EXT 2024"]
[Source "ChessBase"]
[SourceDate "2023.10.10"]
[SourceVersion "1"]
[SourceVersionDate "2023.10.10"]
[SourceQuality "1"]

1. d4 Nf6 2. Nc3 d5 3. Bf4 Bf5 4. e3 e6 5. f3 a6 6. g4 Bg6 7. h4 h5 8. g5 Nfd7 9. Bd3 Bxd3 10. Qxd3 c5 11. g6 f5 12. 0-0-0 Nc6 13. Nge2 Qa5 14. Kb1 b5 15. Nc1 c4 16. Qd2 Bb4 17. e4 fxe4 18. fxe4 Nf6 19. exd5 Nxd5 20. N1e2 0-0 21. Rhf1 Rf5 22. Bg5 Raf8 23. Rxf5 Rxf5 24. a3 Bxc3 25. Nxc3 b4 26. Qe1 Nxc3+ 27. bxc3 Qd5 28. axb4 a5 29. Qe2 axb4 30. Qxh5 e5 31. dxe5 Qe6 32. Rd6 Rf1+ 33. Ka2 b3+ 34. Kb2 Rb1+ 35. Kxb1 bxc2+ 36. Kc1 1-0

[Event "Titled Tuesday intern op 01st Aug Early"]
[Site "Chess.com INT"]
[Date "2023.08.01"]
[Round "7"]
[White "Demin, Vladimir"]
[Black "Manukian, Artak"]
[Result "0-1"]
[WhiteElo "2430"]
[BlackElo "2196"]
[PlyCount "66"]
[EventDate "2023.08.01"]
[EventType "swiss (blitz)"]
[EventRounds "11"]
[EventCountry "USA"]
[SourceTitle "EXT 2024"]
[Source "ChessBase"]
[SourceDate "2023.10.10"]
[SourceVersion "1"]
[SourceVersionDate "2023.10.10"]
[SourceQuality "1"]

1. d4 d5 2. Nc3 c6 3. Bf4 Bf5 4. e3 e6 5. f3 Bb4 6. g4 Bg6 7. h4 h5 8. g5 Ne7 9. Nge2 b5 10. a3 Ba5 11. Bg2 0-0 12. e4 Nd7 13. b4 Bc7 14. 0-0 Nb6 15. Qc1 a5 16. Rb1 axb4 17. axb4 Nc4 18. Bxc7 Qxc7 19. Nf4 e5 20. dxe5 Qxe5 21. Rb3 dxe4 22. Nxe4 Bxe4 23. fxe4 Ng6 24. Nxh5 Nxh4 25. Rg3 Ra2 26. Qe1 Rxc2 27. Nf6+ gxf6 28. gxf6+ Ng6 29. Bh3 Nd2 30. Bf5 Nxf1 31. Kxf1 Qf4+ 32. Kg1 Re8 33. Rg4 Qxf5 0-1

[Event "Titled Tuesday intern op 01st Aug Early"]
[Site "Chess.com INT"]
[Date "2023.08.01"]
[Round "9"]
[White "Diaz Herquinio, Brahian"]
[Black "Demin, Vladimir"]
[Result "0-1"]
[WhiteElo "2051"]
[BlackElo "2430"]
[PlyCount "80"]
[EventDate "2023.08.01"]
[EventType "swiss (blitz)"]
[EventRounds "11"]
[EventCountry "USA"]
[SourceTitle "EXT 2024"]
[Source "ChessBase"]
[SourceDate "2023.10.10"]
[SourceVersion "1"]
[SourceVersionDate "2023.10.10"]
[SourceQuality "1"]

1. e4 e5 2. Nf3 Nc6 3. Bb5 a6 4. Ba4 Bc5 5. c3 Nge7 6. d4 exd4 7. cxd4 Bb4+ 8. Nc3 d5 9. e5 Bg4 10. Be3 0-0 11. h3 Bh5 12. 0-0 f6 13. g4 Bg6 14. e6 Qd6 15. Re1 Qxe6 16. Bf4 Qd7 17. a3 Bxc3 18. bxc3 Be4 19. Nd2 f5 20. Be5 fxg4 21. hxg4 Bg6 22. f3 Rae8 23. Kg2 b5 24. Bb3 Nxe5 25. Rxe5 c6 26. a4 Nc8 27. Rxe8 Rxe8 28. axb5 axb5 29. Nf1 Nd6 30. Ra6 Nf7 31. Qd2 h6 32. Kf2 Ng5 33. Bc2 Bxc2 34. Qxc2 Rf8 35. Nd2 Qxg4 36. Qd3 Ne4+ 37. Nxe4 dxe4 38. Qe2 Rxf3+ 39. Ke1 Qg1+ 40. Kd2 Rf2 0-1

[Event "Titled Tuesday intern op 11th Jul Early"]
[Site "Chess.com INT"]
[Date "2023.07.11"]
[Round "4"]
[White "Demin, Vladimir"]
[Black "Harriott, Tyrell"]
[Result "1-0"]
[WhiteElo "2430"]
[BlackElo "1819"]
[PlyCount "135"]
[EventDate "2023.07.11"]
[EventType "swiss (blitz)"]
[EventRounds "11"]
[EventCountry "USA"]
[SourceTitle "EXT 2024"]
[Source "ChessBase"]
[SourceDate "2023.10.10"]
[SourceVersion "1"]
[SourceVersionDate "2023.10.10"]
[SourceQuality "1"]

1. d4 e6 2. e4 d5 3. Nc3 f5 4. exf5 exf5 5. Nf3 Nf6 6. Ne5 Bd6 7. Bg5 0-0 8. Nxd5 Bxe5 9. Bc4 Be6 10. dxe5 Bxd5 11. Bxf6 gxf6 12. Qxd5+ Kh8 13. Qxd8 Rxd8 14. exf6 Re8+ 15. Kd2 Nc6 16. Rae1 Rad8+ 17. Kc1 Ne5 18. Bb3 Ng4 19. f7 Rf8 20. h3 Nxf2 21. Rhf1 Ne4 22. Rxf5 Nd6 23. Rf3 Rd7 24. Ref1 Re7 25. g4 Kg7 26. h4 Re4 27. Rf4 Re3 28. a4 Rh3 29. g5 Re3 30. h5 Rg3 31. h6+ Kh8 32. Re1 Rxg5 33. Re7 Rg6 34. Rxc7 Rxh6 35. Rd7 Kg7 36. Rd4 Nxf7 37. Rxb7 a6 38. Rdd7 Rf6 39. Kd2 h5 40. Ke2 Re8+ 41. Kd2 Rf8 42. Bxf7 R8xf7 43. Rxf7+ Rxf7 44. Rxf7+ Kxf7 45. Ke3 Ke6 46. b4 Kd5 47. b5 axb5 48. axb5 Kc5 49. c4 Kb6 50. Kf3 Kc5 51. Kg3 Kb6 52. Kh4 Kc5 53. Kxh5 Kxc4 54. b6 Kc5 55. b7 Kd6 56. b8Q+ Ke6 57. Qc7 Kd5 58. Qe7 Kd4 59. Qe6 Kc5 60. Kg5 Kd4 61. Kf4 Kc5 62. Qd7 Kc4 63. Ke4 Kc3 64. Qd3+ Kb2 65. Qc4 Ka3 66. Qb5 Ka2 67. Kd3 Ka1 68. Kc2 1-0

[Event "Titled Tuesday intern op 04th Jul Early"]
[Site "Chess.com INT"]
[Date "2023.07.04"]
[Round "7"]
[White "Demin, Vladimir"]
[Black "Goswami, Vedant"]
[Result "1-0"]
[WhiteElo "2430"]
[BlackElo "2034"]
[PlyCount "55"]
[EventDate "2023.07.04"]
[EventType "swiss (blitz)"]
[EventRounds "11"]
[EventCountry "USA"]
[SourceTitle "EXT 2024"]
[Source "ChessBase"]
[SourceDate "2023.10.10"]
[SourceVersion "1"]
[SourceVersionDate "2023.10.10"]
[SourceQuality "1"]

1. d4 Nf6 2. Nc3 d5 3. Bf4 e6 4. Nb5 Bd6 5. Nxd6+ cxd6 6. e3 Nc6 7. c3 0-0 8. Nf3 Re8 9. Bg3 Ne4 10. Bd3 f5 11. Nd2 e5 12. Qc2 Qf6 13. 0-0-0 Be6 14. f3 Nxg3 15. hxg3 e4 16. Be2 Rac8 17. Kb1 b5 18. g4 b4 19. gxf5 Bxf5 20. fxe4 Bxe4 21. Nxe4 dxe4 22. Qb3+ Kh8 23. cxb4 h6 24. a3 Ne7 25. Bg4 Qg5 26. Bxc8 Rxc8 27. Qe6 Nd5 28. Qxc8+ 1-0

[Event "Titled Tuesday intern op 04th Jul Early"]
[Site "Chess.com INT"]
[Date "2023.07.04"]
[Round "6"]
[White "Kantor, Gergely"]
[Black "Demin, Vladimir"]
[Result "1-0"]
[WhiteElo "2527"]
[BlackElo "2430"]
[PlyCount "61"]
[EventDate "2023.07.04"]
[EventType "swiss (blitz)"]
[EventRounds "11"]
[EventCountry "USA"]
[SourceTitle "EXT 2024"]
[Source "ChessBase"]
[SourceDate "2023.10.10"]
[SourceVersion "1"]
[SourceVersionDate "2023.10.10"]
[SourceQuality "1"]

1. e4 e5 2. Nf3 Nc6 3. Bc4 Nf6 4. d3 h6 5. Nbd2 d6 6. c3 g5 7. h4 g4 8. Nh2 h5 9. Qe2 Bg7 10. f3 Ne7 11. Ndf1 Ng6 12. g3 Qe7 13. Ne3 gxf3 14. Nxf3 Nf8 15. Ng5 Ne6 16. Nf5 Qf8 17. 0-0 c6 18. Qf3 d5 19. exd5 cxd5 20. Bxd5 Qc5+ 21. Be3 Qxd5 22. Nxg7+ Nxg7 23. Qxf6 Rg8 24. Nxf7 Bh3 25. Rf2 Kd7 26. Nxe5+ Kc7 27. c4 Qe6 28. Qf7+ Kd6 29. Qxb7 Kxe5 30. Re1 Qd7 31. Bc5# 1-0

[Event "Titled Tuesday intern op 04th Jul Early"]
[Site "Chess.com INT"]
[Date "2023.07.04"]
[Round "8"]
[White "Koellner, Ruben Gideon"]
[Black "Demin, Vladimir"]
[Result "1-0"]
[WhiteElo "2453"]
[BlackElo "2430"]
[PlyCount "69"]
[EventDate "2023.07.04"]
[EventType "swiss (blitz)"]
[EventRounds "11"]
[EventCountry "USA"]
[SourceTitle "EXT 2024"]
[Source "ChessBase"]
[SourceDate "2023.10.10"]
[SourceVersion "1"]
[SourceVersionDate "2023.10.10"]
[SourceQuality "1"]

1. d4 Nf6 2. Nf3 d5 3. Nbd2 e6 4. e3 c5 5. c4 Nc6 6. b3 cxd4 7. exd4 Bb4 8. Bb2 Ne4 9. a3 Bxd2+ 10. Nxd2 Nxd2 11. Qxd2 0-0 12. Be2 Qb6 13. Qc3 Ne7 14. c5 Qc7 15. 0-0 b6 16. b4 a5 17. g3 Bd7 18. b5 Rfc8 19. c6 Be8 20. a4 Nf5 21. Bd3 Nd6 22. Ba3 Ne4 23. Bxe4 dxe4 24. Qe3 f5 25. Rfd1 Bf7 26. f3 exf3 27. Qxf3 Rd8 28. d5 Rxd5 29. Rxd5 exd5 30. Qxf5 Re8 31. Rf1 h6 32. Bd6 Qa7 33. c7 Be6 34. Qxe6+ Rxe6 35. c8Q+ 1-0

[Event "Titled Tuesday intern op 04th Jul Early"]
[Site "Chess.com INT"]
[Date "2023.07.04"]
[Round "11"]
[White "Komov, Roman"]
[Black "Demin, Vladimir"]
[Result "1-0"]
[WhiteElo "2301"]
[BlackElo "2430"]
[PlyCount "65"]
[EventDate "2023.07.04"]
[EventType "swiss (blitz)"]
[EventRounds "11"]
[EventCountry "USA"]
[SourceTitle "EXT 2024"]
[Source "ChessBase"]
[SourceDate "2023.10.10"]
[SourceVersion "1"]
[SourceVersionDate "2023.10.10"]
[SourceQuality "1"]

1. e4 e5 2. Nf3 Nc6 3. Bc4 Bc5 4. c3 Nf6 5. d3 a6 6. 0-0 0-0 7. Nbd2 Ba7 8. h3 h6 9. Re1 Re8 10. Nf1 d5 11. exd5 Nxd5 12. d4 e4 13. N3d2 b5 14. Bb3 Nf6 15. Ng3 Na5 16. Bc2 c5 17. Ndxe4 Bb7 18. Nxc5 Bxc5 19. dxc5 Qc7 20. Be3 Nc4 21. Bd4 Nxb2 22. Qd2 Nc4 23. Qd3 Red8 24. Nh5 Ne5 25. Rxe5 Qxe5 26. Nxf6+ Kf8 27. Nh7+ Kg8 28. Nf6+ Kf8 29. Nh7+ Kg8 30. Bxe5 Rxd3 31. Bxd3 Rd8 32. Bd4 Bd5 33. a4 1-0

[Event "Titled Tuesday intern op 04th Jul Early"]
[Site "Chess.com INT"]
[Date "2023.07.04"]
[Round "4"]
[White "Radzhabov, Rodion"]
[Black "Demin, Vladimir"]
[Result "1/2-1/2"]
[WhiteElo "2303"]
[BlackElo "2430"]
[PlyCount "158"]
[EventDate "2023.07.04"]
[EventType "swiss (blitz)"]
[EventRounds "11"]
[EventCountry "USA"]
[SourceTitle "EXT 2024"]
[Source "ChessBase"]
[SourceDate "2023.10.10"]
[SourceVersion "1"]
[SourceVersionDate "2023.10.10"]
[SourceQuality "1"]

1. e4 e5 2. Nf3 Nc6 3. Nc3 Nf6 4. Be2 d5 5. exd5 Nxd5 6. 0-0 Nxc3 7. bxc3 e4 8. Ne1 Bd6 9. f3 Bf5 10. fxe4 Bxe4 11. Bf3 Bxf3 12. Nxf3 0-0 13. d4 Ne7 14. Rb1 Rb8 15. Qd3 h6 16. c4 c6 17. Bd2 Qd7 18. Rbe1 Rbd8 19. c3 Ng6 20. Bc1 Rfe8 21. g3 Qg4 22. Kg2 Bf4 23. Kf2 Bxc1 24. Rxe8+ Rxe8 25. Rxc1 Qh3 26. Qf1 Qf5 27. Qd1 Qe6 28. Qd3 Qh3 29. a4 a5 30. Rb1 Re7 31. Re1 Rxe1 32. Kxe1 Qg2 33. Qe2 Qh1+ 34. Qf1 Qxf1+ 35. Kxf1 Kf8 36. c5 Ke7 37. Nd2 Ke6 38. Nc4 Kd7 39. Nxa5 Kc8 40. Ke2 Ne7 41. Nc4 Kd7 42. Kd3 f5 43. Ne5+ Kc7 44. c4 g5 45. h4 b6 46. cxb6+ Kxb6 47. Nf7 gxh4 48. gxh4 Ng8 49. Nd6 Ne7 50. Kc3 Ka5 51. Kb3 f4 52. c5 f3 53. Nc4+ Ka6 54. Nd2 f2 55. Kc3 Nf5 56. Kd3 Ng3 57. d5 cxd5 58. Kd4 f1Q 59. Nxf1 Nxf1 60. Kxd5 Ne3+ 61. Ke5 Ka5 62. Kf6 Ng4+ 63. Kg6 Kxa4 64. c6 Ne5+ 65. Kxh6 Nxc6 66. Kg7 Ne7 67. h5 Kb5 68. Kf6 Ng8+ 69. Kg7 Ne7 70. Kf7 Nf5 71. Kf6 Nh6 72. Kg6 Ng8 73. Kf7 Nh6+ 74. Ke6 Kc5 75. Kf6 Kd6 76. Kg6 Ng8 77. Kg7 Ne7 78. h6 Nf5+ 79. Kg6 Nxh6 1/2-1/2

[Event "Titled Tuesday intern op 20th Jun Early"]
[Site "Chess.com INT"]
[Date "2023.06.20"]
[Round "7"]
[White "Cardozo Munar, Carlos Eduardo"]
[Black "Demin, Vladimir"]
[Result "0-1"]
[WhiteElo "2043"]
[BlackElo "2430"]
[PlyCount "76"]
[EventDate "2023.06.20"]
[EventType "swiss (blitz)"]
[EventRounds "11"]
[EventCountry "USA"]
[SourceTitle "EXT 2024"]
[Source "ChessBase"]
[SourceDate "2023.10.10"]
[SourceVersion "1"]
[SourceVersionDate "2023.10.10"]
[SourceQuality "1"]

1. d4 Nf6 2. Bg5 d5 3. Nd2 c5 4. e3 Nc6 5. c3 e5 6. dxe5 Nxe5 7. Ngf3 Ng6 8. Bb5+ Bd7 9. Qa4 Be7 10. Bxf6 Bxf6 11. Bxd7+ Qxd7 12. Qxd7+ Kxd7 13. 0-0-0 Kc6 14. e4 Rad8 15. exd5+ Rxd5 16. Ne4 Rhd8 17. Rxd5 Rxd5 18. Nxf6 gxf6 19. Rd1 Nf4 20. Rxd5 Kxd5 21. Ne1 c4 22. Kd2 a5 23. g3 Nh3 24. Ke3 Ng5 25. Nc2 Ne6 26. h4 b5 27. b3 cxb3 28. axb3 f5 29. Kd3 Nc5+ 30. Ke3 Nxb3 31. Kf4 Ke6 32. Ke3 Ke5 33. Na3 b4 34. Nc4+ Kd5 35. Nb6+ Kc5 36. Na4+ Kb5 37. Nb2 bxc3 38. Nd3 c2 0-1